000 00790nam a22002177a 4500
999 _c8789
_d8789
003 AR-CdUCM
008 190326b ||||| |||| 00| 0 spa d
040 _aMUNICIPALIDAD PROVINCIAL DEL CUSCO
_cBIBLIOTECA MUNICIPAL DEL CUSCO
082 _a869.57 /
_bP13
100 _aPacheco Medrano, Karina
_91044
245 _aMiradas antología de cuentos /
260 _aCusco :
_bGobierno Regional Cusco,
_c2015.
300 _a121 páginas ;
_bilustraciones,
_c20 cm.
505 _aContenido: Piel de oso -- Mar de alú -- La doncella de arena -- El violinista de las montañas -- Crimen perfecto -- Azafrán ...
650 _aSiglo XXI
_92856
650 _aLiteratura Peruana
_9132
650 _aCuentos
_9217
710 _aProyecto Yachay Chaski.
_924515
942 _2ddc
_cLIBROS
945 _aachl